[Event "Titled Tuesday intern op 06th May Early"]
[Site "Chess.com INT"]
[Date "2025.05.06"]
[Round "5"]
[White "Cordeiro, Marco Aurelio Zaror"]
[Black "Chiang, Jacob"]
[Result "0-1"]
[WhiteElo "2048"]
[BlackElo "2006"]
[PlyCount "70"]
[EventDate "2025.05.06"]
[EventType "swiss (blitz)"]
[EventRounds "11"]
[EventCountry "USA"]
[SourceTitle "CB20_2025"]
[SourceDate "2025.05.14"]
[SourceVersion "1"]
[SourceVersionDate "2025.05.14"]
[SourceQuality "1"]

1. e4 c5 2. Nc3 d6 3. f4 Nc6 4. Nf3 Nh6 5. Bc4 f5 6. d3 g6 7. Ng5 Bg7 8. Ne6 Bxe6 9. Bxe6 Nd4 10. Bd5 Qd7 11. 0-0 e6 12. Bb3 0-0 13. Ne2 Ng4 14. c3 Nxb3 15. axb3 d5 16. e5 d4 17. cxd4 cxd4 18. Ra4 Rfc8 19. Rxd4 Qc6 20. h3 Nh6 21. Be3 Bf8 22. Qd2 Qc2 23. Rc4 Qxb3 24. Rfc1 Rxc4 25. Rxc4 Rd8 26. Rc3 Qd5 27. d4 Bb4 28. Qd3 Bxc3 29. bxc3 Nf7 30. c4 Qc6 31. Nc3 Rc8 32. d5 Qxc4 33. Qxc4 Rxc4 34. dxe6 Rxc3 35. e7 Rc8 0-1

[Event "Titled Tuesday intern op 06th May Early"]
[Site "Chess.com INT"]
[Date "2025.05.06"]
[Round "3"]
[White "Fikiet, Alex M"]
[Black "Cordeiro, Marco Aurelio Zaror"]
[Result "0-1"]
[WhiteElo "2151"]
[BlackElo "2048"]
[PlyCount "90"]
[EventDate "2025.05.06"]
[EventType "swiss (blitz)"]
[EventRounds "11"]
[EventCountry "USA"]
[SourceTitle "CB20_2025"]
[SourceDate "2025.05.14"]
[SourceVersion "1"]
[SourceVersionDate "2025.05.14"]
[SourceQuality "1"]

1. e4 Nf6 2. e5 Ng8 3. d4 d6 4. Nf3 dxe5 5. Nxe5 Nd7 6. Qf3 Nxe5 7. dxe5 c6 8. Nc3 Qd4 9. Bf4 g5 10. Bg3 h5 11. Rd1 Qb4 12. h4 Bg4 13. Qe3 Bxd1 14. Kxd1 Qxb2 15. e6 Rd8+ 16. Ke1 Bg7 17. exf7+ Kxf7 18. Bc4+ Kf8 19. Qf3+ Bf6 20. Be5 Qc1+ 21. Nd1 Qxd1+ 22. Qxd1 Rxd1+ 23. Kxd1 Bxe5 24. hxg5 Bf4 25. g6 Nf6 26. g3 Bd6 27. f4 h4 28. Ke2 Kg7 29. gxh4 Bxf4 30. Bf7 Bd6 31. Kf3 Rh5 32. c3 Rf5+ 33. Ke3 Bg3 34. c4 Rh5 35. Rb1 b6 36. c5 Rxc5 37. Rd1 Bxh4 38. Rd8 b5 39. Kd3 a5 40. Kd4 Rc2 41. a3 Rd2+ 42. Kc5 Rxd8 43. Kxc6 b4 44. axb4 axb4 45. Kb5 Rf8 0-1

[Event "Titled Tuesday intern op 06th May Early"]
[Site "Chess.com INT"]
[Date "2025.05.06"]
[Round "9"]
[White "Herman, Daniel"]
[Black "Cordeiro, Marco Aurelio Zaror"]
[Result "1-0"]
[WhiteElo "1920"]
[BlackElo "2048"]
[PlyCount "55"]
[EventDate "2025.05.06"]
[EventType "swiss (blitz)"]
[EventRounds "11"]
[EventCountry "USA"]
[SourceTitle "CB20_2025"]
[SourceDate "2025.05.14"]
[SourceVersion "1"]
[SourceVersionDate "2025.05.14"]
[SourceQuality "1"]

1. Nf3 Nf6 2. b4 b5 3. Bb2 e6 4. e3 Bxb4 5. Bxb5 0-0 6. 0-0 Bb7 7. Nc3 d5 8. Rb1 Bd6 9. Ne2 Ba6 10. Bxa6 Nxa6 11. d3 Rb8 12. Qd2 c5 13. c4 Qc7 14. Bxf6 gxf6 15. cxd5 exd5 16. e4 dxe4 17. dxe4 Rxb1 18. Rxb1 Rb8 19. Rd1 Qc6 20. Nc3 Be5 21. Nd5 Qe6 22. Qh6 Rd8 23. h3 Nc7 24. Nxe5 Nxd5 25. Ng4 Rd6 26. Rxd5 Rxd5 27. exd5 Qe1+ 28. Kh2 1-0

[Event "Titled Tuesday intern op 04th Mar Early"]
[Site "Chess.com INT"]
[Date "2025.03.04"]
[Round "7"]
[White "Cordeiro, Marco Aurelio Zaror"]
[Black "Ersoz, Teoman Guney"]
[Result "0-1"]
[WhiteElo "2055"]
[BlackElo "2109"]
[PlyCount "210"]
[EventDate "2025.03.04"]
[EventType "swiss (blitz)"]
[EventRounds "11"]
[EventCountry "USA"]
[SourceTitle "CB11_2025"]
[SourceDate "2025.03.12"]
[SourceVersion "1"]
[SourceVersionDate "2025.03.12"]
[SourceQuality "1"]

1. e4 c5 2. Nc3 e6 3. f4 d5 4. Nf3 Nc6 5. g3 g6 6. Bg2 Bg7 7. 0-0 Nge7 8. e5 h5 9. h3 Nf5 10. Ne2 c4 11. Kh2 f6 12. d4 cxd3 13. Qxd3 fxe5 14. fxe5 h4 15. g4 Bxe5+ 16. Bf4 Bxf4+ 17. Nxf4 Qd6 18. Ng5 Ne5 19. Qb5+ Bd7 20. Qxb7 Rb8 21. Qxa7 Ne3 22. Qxe3 Nc4 23. Qd3 Ne5 24. Qe2 Rxb2 25. Rae1 Bb5 26. Qxe5 Qxe5 27. Rxe5 Bxf1 28. Bxf1 Rxc2+ 29. Kg1 Kd7 30. Rxe6 Rb8 31. Nxd5 Rb1 32. Ne3 Rxa2 33. Rxg6 Re1 34. Re6 Ra5 35. Nf3 Rxf1+ 36. Kxf1 Kxe6 37. Nxh4 Kf6 38. Kg2 Kg5 39. Nf3+ Kf4 40. Nc4 Ra2+ 41. Nfd2 Rc2 42. Kf2 Rc3 43. Kg2 Rg3+ 44. Kh2 Rd3 45. Nf1 Rc3 46. Ncd2 Rc2 47. Kg2 Rb2 48. Kf2 Ra2 49. Ke2 Ra3 50. Kf2 Rxh3 51. Ke2 Kxg4 52. Nc4 Rh8 53. Nce3+ Kf4 54. Nd5+ Ke5 55. Nde3 Re8 56. Kf3 Kd4 57. Nf5+ Kd3 58. N1e3 Re5 59. Kf4 Re4+ 60. Kf3 Ra4 61. Nd5 Ra8 62. Nf4+ Kd2 63. Nd6 Ra6 64. Ne4+ Kc2 65. Nc5 Ra3+ 66. Ke4 Kd2 67. Ke5 Ke3 68. Nd5+ Kf3 69. Ne6 Ra5 70. Ng5+ Kg4 71. Ne6 Rb5 72. Nd4 Rb1 73. Ne6 Re1+ 74. Kd6 Kf5 75. Nd4+ Ke4 76. Ne6 Rd1 77. Nc5+ Kf5 78. Nb3 Rd3 79. Nc5 Rh3 80. Kc6 Rh6+ 81. Kb5 Ke5 82. Ne7 Rh1 83. Nc6+ Kd5 84. Nb4+ Kd6 85. Ne4+ Ke5 86. Nc5 Rh5 87. Nbd3+ Kd4 88. Kc6 Rh6+ 89. Kb5 Rd6 90. Nb4 Rg6 91. Nc6+ Ke3 92. Ne7 Rg5 93. Nc6 Rh5 94. Ne7 Kd4 95. Nc6+ Kd5 96. Nb4+ Kd6 97. Nbd3 Rh4 98. Kb6 Rd4 99. Nb4 Rxb4+ 100. Ka5 Kxc5 101. Ka6 Rb5 102. Ka7 Rb6 103. Ka8 Kc6 104. Ka7 Kc7 105. Ka8 Ra6# 0-1

[Event "Catarinense-ch"]
[Site "Concordia"]
[Date "2025.03.02"]
[Round "5"]
[White "Cordeiro, Marco Aurelio Zaror"]
[Black "Theiss, Nicolas Eduardo"]
[Result "1/2-1/2"]
[WhiteElo "2023"]
[BlackElo "1825"]
[PlyCount "91"]
[EventDate "2025.02.28"]
[EventType "swiss"]
[EventRounds "6"]
[EventCountry "BRA"]
[SourceTitle "CB10_2025"]
[SourceDate "2025.03.05"]
[SourceVersion "1"]
[SourceVersionDate "2025.03.05"]
[SourceQuality "1"]

1. e4 e6 2. d4 d5 3. Nd2 Nf6 4. e5 Nfd7 5. Bd3 c5 6. c3 Nc6 7. Ne2 cxd4 8. cxd4 f6 9. Nf4 Nxd4 10. Qh5+ Ke7 11. Ng6+ hxg6 12. exf6+ Nxf6 13. Qxh8 Kf7 14. 0-0 e5 15. Nf3 Nxf3+ 16. gxf3 Bf5 17. Bxf5 gxf5 18. Bg5 Be7 19. Qh3 g6 20. Rfd1 Qd7 21. Rd2 Qb5 22. Rc1 Rd8 23. Rc7 Rd7 24. Rc8 Nh5 25. Bxe7 Rxe7 26. Qh4 d4 27. Qg5 Nf4 28. Qh6 Kf6 29. Qh8+ Ke6 30. Qg8+ Kd6 31. Rd8+ Rd7 32. Qf8+ Kd5 33. Qf7+ Kd6 34. Qf6+ Kd5 35. Qf7+ Kd6 36. Qf8+ Kd5 37. Rxd7+ Qxd7 38. Qg8+ Qe6 39. Qb8 Qa6 40. Qd8+ Qd6 41. Qe8 Qc6 42. Qf7+ Kd6 43. Qb3 Qc1+ 44. Rd1 Qc8 45. Kf1 d3 46. Rxd3+ 1/2-1/2

[Event "Catarinense-ch"]
[Site "Concordia"]
[Date "2025.03.02"]
[Round "6"]
[White "Spagnollo, Pedro Henrique"]
[Black "Cordeiro, Marco Aurelio Zaror"]
[Result "1/2-1/2"]
[WhiteElo "1776"]
[BlackElo "2023"]
[PlyCount "139"]
[EventDate "2025.02.28"]
[EventType "swiss"]
[EventRounds "6"]
[EventCountry "BRA"]
[SourceTitle "CB10_2025"]
[SourceDate "2025.03.05"]
[SourceVersion "1"]
[SourceVersionDate "2025.03.05"]
[SourceQuality "1"]

1. e4 Nf6 2. e5 Nd5 3. d4 d6 4. c4 Nb6 5. exd6 cxd6 6. Nc3 g6 7. Be3 Bg7 8. Rc1 0-0 9. b3 e5 10. dxe5 dxe5 11. Nf3 Nc6 12. Qxd8 Rxd8 13. c5 Nd5 14. Nxd5 Rxd5 15. Bc4 Rd8 16. Ng5 Rf8 17. Ne4 Nd4 18. Bxd4 exd4 19. Nd6 Be5 20. Nxc8 Raxc8 21. Bd5 Bf4 22. Rc4 Rfe8+ 23. Kd1 Re7 24. g3 Bh6 25. Re1 Rd7 26. Bg2 Bf8 27. c6 bxc6 28. Bxc6 Rdc7 29. Bd5 Bc5 30. Kc2 d3+ 31. Kd1 Bxf2 32. Rf1 Bc5 33. Rf3 Kg7 34. Rxd3 f5 35. Bf3 Kf6 36. g4 Bb6 37. Rxc7 Rxc7 38. gxf5 Kxf5 39. h3 Kf4 40. Bd5 Be3 41. Bc4 Kf3 42. Bd5+ Kf2 43. Bc4 g5 44. Rd6 h5 45. Rh6 h4 46. Rf6+ Bf4 47. a4 Kg3 48. Be6 Rc6 49. Ke2 Rd6 50. Rg6 Rd2+ 51. Ke1 Rd3 52. Kf1 Re3 53. Bg4 Rxb3 54. Ra6 Be3 55. Rf6 Bd4 56. Rd6 Rb4 57. a5 Kf4 58. Ke2 Ra4 59. Rd7 Bg1 60. Rf7+ Kg3 61. Rf3+ Kg2 62. Rf5 Rxg4 63. hxg4 h3 64. Rxg5 Bd4 65. Kd3 h2 66. Rh5 Bg7 67. Kc4 h1Q 68. Rxh1 Kxh1 69. Kb5 Kg2 70. Ka6 1/2-1/2

[Event "Catarinense-ch"]
[Site "Concordia"]
[Date "2025.03.01"]
[Round "4"]
[White "Consoli, Anderson Luiz"]
[Black "Cordeiro, Marco Aurelio Zaror"]
[Result "0-1"]
[WhiteElo "1687"]
[BlackElo "2023"]
[PlyCount "74"]
[EventDate "2025.02.28"]
[EventType "swiss"]
[EventRounds "6"]
[EventCountry "BRA"]
[SourceTitle "CB10_2025"]
[SourceDate "2025.03.05"]
[SourceVersion "1"]
[SourceVersionDate "2025.03.05"]
[SourceQuality "1"]

1. d4 c5 2. d5 f5 3. e4 fxe4 4. Nc3 Nf6 5. Nxe4 Nxe4 6. Qh5+ g6 7. Qe5 Nf6 8. Bc4 b5 9. Be2 Bb7 10. c4 d6 11. Qg5 Qa5+ 12. Bd2 Ne4 13. Qxg6+ hxg6 14. Bxa5 bxc4 15. Bxc4 Bg7 16. Ne2 Ba6 17. Bxa6 Nxa6 18. f3 Nf6 19. Nf4 Kf7 20. 0-0 Bh6 21. Ne2 Nxd5 22. Ng3 Be3+ 23. Kh1 Rxh2+ 24. Kxh2 Rh8+ 25. Nh5 Rxh5+ 26. Kg3 Nf4 27. Kg4 Nxg2 28. f4 Bd4 29. Bd2 Bxb2 30. Rab1 Bc3 31. Bxc3 Ne3+ 32. Kg3 Nxf1+ 33. Rxf1 Nb4 34. a4 Rd5 35. Kg4 Rd3 36. Bb2 Nd5 37. a5 Ne3+ 0-1

[Event "Catarinense-ch"]
[Site "Concordia"]
[Date "2025.02.28"]
[Round "1"]
[White "Cordeiro, Marco Aurelio Zaror"]
[Black "De Bortolo, Artur Mattos"]
[Result "1-0"]
[WhiteElo "2023"]
[BlackElo "1611"]
[PlyCount "63"]
[EventDate "2025.02.28"]
[EventType "swiss"]
[EventRounds "6"]
[EventCountry "BRA"]
[SourceTitle "CB10_2025"]
[SourceDate "2025.03.05"]
[SourceVersion "1"]
[SourceVersionDate "2025.03.05"]
[SourceQuality "1"]

1. e4 c5 2. Nf3 d6 3. d4 cxd4 4. Nxd4 Nf6 5. Nc3 g6 6. Bc4 Bg7 7. Be3 Nc6 8. f3 0-0 9. Bb3 Bd7 10. Qd2 Rc8 11. 0-0-0 Ne5 12. Kb1 Nc4 13. Qe2 Nxe3 14. Qxe3 a6 15. g4 b5 16. h4 h5 17. gxh5 Nxh5 18. f4 b4 19. Nce2 e5 20. fxe5 dxe5 21. Nf3 a5 22. Ng5 Qe7 23. Qa7 Rcd8 24. Qxa5 Nf4 25. Nxf4 exf4 26. Rhe1 Ra8 27. Qc7 Rad8 28. Qxf4 Be6 29. Rxd8 Rxd8 30. Nxe6 fxe6 31. Qg4 Qf6 32. Qxe6+ 1-0

[Event "Titled Tuesday intern op 25th Feb Early"]
[Site "Chess.com INT"]
[Date "2025.02.25"]
[Round "1"]
[White "Cordeiro, Marco Aurelio Zaror"]
[Black "Palencia Morales, Wilson Guillermo"]
[Result "1-0"]
[WhiteElo "2023"]
[BlackElo "2205"]
[PlyCount "147"]
[EventDate "2025.02.25"]
[EventType "swiss (blitz)"]
[EventRounds "11"]
[EventCountry "USA"]
[SourceTitle "CB10_2025"]
[SourceDate "2025.03.05"]
[SourceVersion "1"]
[SourceVersionDate "2025.03.05"]
[SourceQuality "1"]

1. e4 c5 2. Nc3 Nc6 3. f4 g6 4. Nf3 Bg7 5. Bc4 e6 6. 0-0 Nge7 7. Qe1 0-0 8. d3 Na5 9. Bb3 b6 10. Qh4 Nxb3 11. axb3 d5 12. e5 Nf5 13. Qxd8 Rxd8 14. g4 Ne7 15. Nb5 Bd7 16. Nd6 f6 17. c3 Nc8 18. Nxc8 Rdxc8 19. exf6 Bxf6 20. Ne5 Be8 21. Be3 a5 22. d4 a4 23. bxa4 Bxa4 24. g5 Be7 25. Kf2 Bb5 26. Rfe1 Be8 27. h4 c4 28. Ke2 b5 29. Kd2 b4 30. Nf3 bxc3+ 31. bxc3 Rab8 32. Reb1 Bd6 33. Kc2 Bc6 34. Ne5 Be8 35. Rxb8 Rxb8 36. Rb1 Ra8 37. Rb6 Bxe5 38. dxe5 Ra2+ 39. Rb2 Ra1 40. Rb1 Ra2+ 41. Rb2 Ba4+ 42. Kb1 Ra3 43. Bd4 Bb3 44. Kc1 Kf7 45. Rb1 Ra2 46. Rb2 Ra1+ 47. Rb1 Ra4 48. Rb2 Ke7 49. Rb1 Kd7 50. Rb2 Kc6 51. Rb1 Ra8 52. Rb2 Rf8 53. Be3 d4 54. cxd4 Kd5 55. Kd2 Ra8 56. Kc3 Ra1 57. Rf2 Rh1 58. Kb4 Rh3 59. Bd2 Rxh4 60. Bc3 Rh3 61. Rf1 Bc2 62. Ra1 Bd3 63. Ra5+ Ke4 64. Ra6 Kf5 65. Ra7 Rh4 66. Rf7+ Ke4 67. Re7 Kd5 68. Rd7+ Ke4 69. Re7 Rxf4 70. Rxe6 Rh4 71. Rd6 Rh1 72. e6 Rb1+ 73. Kc5 Rb3 74. e7 1-0

[Event "Timbo U2400 op"]
[Site "Timbo"]
[Date "2025.02.15"]
[Round "4"]
[White "Bambino Filho, Antonio Carlos"]
[Black "Cordeiro, Marco Aurelio Zaror"]
[Result "1-0"]
[WhiteElo "2160"]
[BlackElo "2023"]
[PlyCount "45"]
[EventDate "2025.02.14"]
[EventType "swiss"]
[EventRounds "6"]
[EventCountry "BRA"]
[SourceTitle "CB10_2025"]
[SourceDate "2025.03.05"]
[SourceVersion "1"]
[SourceVersionDate "2025.03.05"]
[SourceQuality "1"]

1. Nf3 d5 2. c4 c6 3. d4 Nf6 4. e3 Bf5 5. Nc3 e6 6. Nh4 Bg4 7. Qb3 b6 8. h3 Bh5 9. g4 Nfd7 10. Ng2 Bg6 11. Nf4 Nf6 12. Bg2 Be7 13. cxd5 exd5 14. g5 Ne4 15. Nxg6 hxg6 16. Nxe4 dxe4 17. h4 f5 18. gxf6 gxf6 19. Bxe4 f5 20. Bf3 Qd6 21. Bd2 Bxh4 22. Bb4 Qf6 23. d5 1-0

[Event "Timbo U2400 op"]
[Site "Timbo"]
[Date "2025.02.15"]
[Round "2"]
[White "Ramos, Rafael Cabreira"]
[Black "Cordeiro, Marco Aurelio Zaror"]
[Result "0-1"]
[WhiteElo "1643"]
[BlackElo "2023"]
[PlyCount "48"]
[EventDate "2025.02.14"]
[EventType "swiss"]
[EventRounds "6"]
[EventCountry "BRA"]
[SourceTitle "CB10_2025"]
[SourceDate "2025.03.05"]
[SourceVersion "1"]
[SourceVersionDate "2025.03.05"]
[SourceQuality "1"]

1. e4 Nf6 2. e5 Nd5 3. c4 Nb6 4. d4 d6 5. f4 Bf5 6. Be3 e6 7. Nf3 Nc6 8. Nc3 dxe5 9. fxe5 Bg4 10. Be2 Qd7 11. 0-0 Rd8 12. b3 Be7 13. Qd2 0-0 14. Rfd1 f6 15. exf6 Bxf6 16. Ng5 e5 17. dxe5 Qf5 18. Bd3 Qxe5 19. Nd5 Bxd1 20. Rxd1 Bxg5 21. Bxg5 Rde8 22. Bf4 Qd4+ 23. Be3 Qg4 24. Nxc7 Rxe3 0-1

[Event "Florianopolis op 11th"]
[Site "Florianopolis"]
[Date "2025.01.25"]
[Round "9"]
[White "Cordeiro, Marco Aurelio Zaror"]
[Black "Dos Santos, Welligton Carlos"]
[Result "1/2-1/2"]
[WhiteElo "2049"]
[BlackElo "1805"]
[PlyCount "91"]
[EventDate "2025.01.18"]
[EventType "swiss"]
[EventRounds "10"]
[EventCountry "BRA"]
[SourceTitle "CB05_2025"]
[SourceDate "2025.01.29"]
[SourceVersion "1"]
[SourceVersionDate "2025.01.29"]
[SourceQuality "1"]

1. e4 c5 2. Nf3 Nc6 3. Bb5 g6 4. 0-0 Bg7 5. Re1 Nf6 6. c3 0-0 7. d4 cxd4 8. cxd4 d5 9. e5 Ne8 10. Nc3 Nc7 11. Be2 Bg4 12. Be3 Rc8 13. Qd2 Qd7 14. Rac1 Rfd8 15. h3 Bxf3 16. Bxf3 b5 17. Ne2 Na8 18. Nf4 e6 19. Nd3 Nb6 20. Nc5 Qc7 21. b3 Nd7 22. Nd3 Qb6 23. Nf4 Bf8 24. Re2 Ba3 25. Rc2 Be7 26. Qd1 Nb4 27. Rxc8 Rxc8 28. Nd3 Qb7 29. Nxb4 Bxb4 30. Rc2 Nb6 31. Be2 a6 32. Bd3 Rxc2 33. Qxc2 Qc8 34. Qxc8+ Nxc8 35. Kf1 Ne7 36. Ke2 Nc6 37. Bc2 Ba5 38. a3 Bb6 39. Kd3 Kf8 40. Kc3 Ba5+ 41. b4 Bd8 42. Bd3 Be7 43. f4 Ke8 44. g4 Bh4 45. f5 Kd7 46. Kd2 1/2-1/2

[Event "Florianopolis op 11th"]
[Site "Florianopolis"]
[Date "2025.01.23"]
[Round "7"]
[White "Cordeiro, Marco Aurelio Zaror"]
[Black "Vieira, Luana Saddi"]
[Result "1-0"]
[WhiteElo "2049"]
[BlackElo "1719"]
[PlyCount "55"]
[EventDate "2025.01.18"]
[EventType "swiss"]
[EventRounds "10"]
[EventCountry "BRA"]
[SourceTitle "CB05_2025"]
[SourceDate "2025.01.29"]
[SourceVersion "1"]
[SourceVersionDate "2025.01.29"]
[SourceQuality "1"]

1. e4 e5 2. Nf3 Nc6 3. d4 exd4 4. Bc4 Bc5 5. Ng5 Ne5 6. Nxf7 Bb4+ 7. c3 Bxc3+ 8. bxc3 Nxf7 9. Bxf7+ Kxf7 10. cxd4 d6 11. Nc3 Nf6 12. Qb3+ Kg6 13. 0-0 Re8 14. Qc2 Kf7 15. Bg5 h6 16. Bh4 c6 17. Qb3+ Kf8 18. Rfe1 g5 19. Bg3 Nh5 20. d5 Nxg3 21. hxg3 Qb6 22. Qa4 Bd7 23. Rab1 Qc7 24. Qd4 Kf7 25. Re3 Bg4 26. e5 Bf5 27. exd6 Qxd6 28. Rxb7+ 1-0

[Event "Florianopolis op 11th"]
[Site "Florianopolis"]
[Date "2025.01.20"]
[Round "4"]
[White "Cordeiro, Marco Aurelio Zaror"]
[Black "Telichevesky, Lucas"]
[Result "1-0"]
[WhiteElo "2049"]
[BlackElo "1842"]
[PlyCount "71"]
[EventDate "2025.01.18"]
[EventType "swiss"]
[EventRounds "10"]
[EventCountry "BRA"]
[SourceTitle "CB05_2025"]
[SourceDate "2025.01.29"]
[SourceVersion "1"]
[SourceVersionDate "2025.01.29"]
[SourceQuality "1"]

1. e4 c5 2. Nf3 Nc6 3. Bb5 e6 4. 0-0 Nge7 5. Re1 a6 6. Bf1 g6 7. d4 cxd4 8. Nxd4 Bg7 9. Be3 0-0 10. Nc3 d5 11. Nxc6 bxc6 12. Bc5 Re8 13. Na4 Rb8 14. c3 Kh8 15. e5 Nf5 16. g4 Nh4 17. Bd6 Rb5 18. Bxb5 cxb5 19. Nc5 Qg5 20. Nd3 Bb7 21. f4 Qd8 22. Re3 Bf8 23. Nc5 Ba8 24. Qd4 Kg8 25. Bxf8 Rxf8 26. Nxa6 g5 27. Rf1 gxf4 28. Rxf4 Qg5 29. Nc5 Nf5 30. Rxf5 exf5 31. Nd7 Kg7 32. e6+ f6 33. Nxf8 Kxf8 34. Qc5+ Kg7 35. Qe7+ Kg6 36. Qf7+ 1-0

[Event "Titled Tuesday intern op 26th Nov Late"]
[Site "Chess.com INT"]
[Date "2024.11.26"]
[Round "2"]
[White "Buchenau, Frank"]
[Black "Cordeiro, Marco Aurelio Zaror"]
[Result "1-0"]
[WhiteElo "2190"]
[BlackElo "2081"]
[PlyCount "93"]
[EventDate "2024.11.26"]
[EventType "swiss (blitz)"]
[EventRounds "11"]
[EventCountry "USA"]
[SourceTitle "CB49_2024"]
[SourceDate "2024.12.04"]
[SourceVersion "1"]
[SourceVersionDate "2024.12.04"]
[SourceQuality "1"]

1. e4 Nf6 2. e5 Nd5 3. d4 d6 4. Nf3 dxe5 5. Nxe5 c6 6. Be2 Nd7 7. Nf3 e6 8. 0-0 Bd6 9. Re1 0-0 10. c4 Nc7 11. Nc3 Re8 12. Ne4 Nf6 13. Nxf6+ Qxf6 14. Bg5 Qg6 15. Qd2 h6 16. Bh4 e5 17. dxe5 Bxe5 18. Nxe5 Rxe5 19. Bg3 Re8 20. Bxc7 Bh3 21. Bg3 Be6 22. Rad1 h5 23. h4 Qf5 24. Qg5 Qc2 25. Rd2 Qh7 26. Qxh5 Bxc4 27. Qxh7+ Kxh7 28. Kf1 Bxa2 29. Bd3+ g6 30. h5 Rxe1+ 31. Kxe1 Re8+ 32. Kf1 Kg7 33. hxg6 fxg6 34. Re2 Rd8 35. Be5+ Kf7 36. Re3 c5 37. Ke2 c4 38. Be4 b5 39. Rf3+ Ke6 40. Bc3 g5 41. Rf6+ Ke7 42. Ra6 Bb3 43. Rxa7+ Ke6 44. Ra6+ Kf7 45. Bg6+ Kg8 46. Ra7 Bd1+ 47. Ke3 1-0